00326nam a22001337a 450000500170000001000130001702000110003003500130004110000190005424500490007326000240012227000320014630000140017820230607121633.0 aB-691396 c395.00 aB-691396 aChandra,Bipin  aHistory of modern india / cby Bipin Chandra aDelhibPansy Books  aSomesh ViharbDelhie110071 avp.c22cm